Hawayian : Sair Nama (Record no. 321281)

000 -LEADER
fixed length control field 00376 a2200157 4500
001 - CONTROL NUMBER
control field 86208
003 - CONTROL NUMBER IDENTIFIER
control field NUST
005 - DATE AND TIME OF LATEST TRANSACTION
control field 20180122093450.0
008 - FIXED-LENGTH DATA ELEMENTS--GENERAL INFORMATION
fixed length control field 180122b xxu||||| |||| 00| 0 eng d
020 ## - INTERNATIONAL STANDARD BOOK NUMBER
International Standard Book Number 9789693509946
082 ## - DEWEY DECIMAL CLASSIFICATION NUMBER
Classification number 891.4397 YOU
100 ## - MAIN ENTRY--PERSONAL NAME
Personal name Dr. Muhammadf Younas Butt
9 (RLIN) 9430
245 ## - TITLE STATEMENT
Title Hawayian : Sair Nama
250 ## - EDITION STATEMENT
Edition statement 1st
260 ## - PUBLICATION, DISTRIBUTION, ETC.
Place of publication, distribution, etc. Lahore
Name of publisher, distributor, etc. Sang e Meel
Date of publication, distribution, etc. 2010
300 ## - PHYSICAL DESCRIPTION
Extent 114p.
500 ## - GENERAL NOTE
General note General Collection
942 ## - ADDED ENTRY ELEMENTS (KOHA)
Institution code [OBSOLETE] CAE NUST
Koha item type Book
Call number prefix 891.4397 YOU
Source of classification or shelving scheme
Holdings
Withdrawn status Lost status Damaged status Not for loan Collection code Permanent Location Current Location Date acquired Total Checkouts Full call number Barcode Date last seen Price effective from Koha item type
          College of Aeronautical Engineering (CAE) College of Aeronautical Engineering (CAE) 04/03/2017   891.4397 YOU CAE85219 04/05/2017 04/05/2017 Book
© 2023 Central Library, National University of Sciences and Technology. All Rights Reserved.